| 000 | 00873cam a2200157 4500500 | ||
|---|---|---|---|
| 005 | 20260111103258.0 | ||
| 041 | _afre | ||
| 042 | _adc | ||
| 100 | 1 | 0 |
_aMarmet, Carole _eauthor |
| 245 | 0 | 0 | _aLa nouvelle planification sanitaire et sociale, par Alain Jourdain et Pierre-Henri Bréchat (dir.) (Presses EHESP, 2008, 248 p.) |
| 260 | _c2009. | ||
| 500 | _a45 | ||
| 520 | _aRésuméEt si les choix politiques des travailleurs sociaux et des français en général répondaient à un besoin psychologique avant tout ? Et si choisir entre gauche et droite revenait à choisir entre les valeurs paternelles et celles maternelles ?Cette question vaut bien un petit détour pour penser… | ||
| 786 | 0 | _nLe Sociographe | 30 | 3 | 2009-09-01 | p. 114c-122c | 1297-6628 | |
| 856 | 4 | 1 | _uhttps://shs.cairn.info/revue-le-sociographe-2009-3-page-114c?lang=fr&redirect-ssocas=7080 |
| 999 |
_c1630128 _d1630128 |
||